Statistics for Top 25 Trading Partners - Fiji

Click here to take the quiz!

General Stats

  • This quiz has been taken 46 times
  • The average score is 41 of 50

Answer Stats

HintAnswer% Correct
15th Place: 22United Kingdom
100%
21st Place: 3United Kingdom
100%
1st Place: 186United States of America
100%
10th Place: 63United States of America
100%
5th Place: 59China
98%
2nd Place: 443China
98%
4th Place: 68New Zealand
98%
4th Place: 397New Zealand
98%
3rd Place: 427Australia
95%
2nd Place: 134Australia
95%
18th Place: 5France
95%
17th Place: 10France
95%
3rd Place: 77Japan
95%
5th Place: 127Japan
95%
9th Place: 66India
93%
13th Place: 26Indonesia
93%
1st Place: 566Singapore
93%
17th Place: 7Singapore
93%
20th Place: 4Canada
91%
14th Place: 23Canada
91%
6th Place: 52Tonga
91%
21st Place: 6Papua New Guinea
88%
9th Place: 23Papua New Guinea
88%
8th Place: 24Samoa
88%
18th Place: 9Germany
86%
24th Place: 5Italy
86%
8th Place: 67Malaysia
86%
24th Place: 1Malaysia
86%
23rd Place: 3South Korea
86%
6th Place: 88South Korea
86%
19th Place: 8Vanuatu
86%
7th Place: 30Vanuatu
86%
12th Place: 28Vietnam
86%
12th Place: 14Vietnam
86%
11th Place: 19Kiribati
84%
22nd Place: 3Spain
84%
10th Place: 21Tuvalu
81%
14th Place: 12Solomon Islands
79%
7th Place: 77Thailand
79%
15th Place: 10Thailand
79%
13th Place: 13Netherlands
77%
23rd Place: 5Netherlands
77%
16th Place: 11United Arab Emirates
70%
19th Place: 5Nauru
67%
20th Place: 7Switzerland
58%
11th Place: 46Ireland
53%
25th Place: 1Sri Lanka
40%
22nd Place: 6Denmark
37%
25th Place: 4North Korea
21%
16th Place: 9Bulgaria
9%

Score Distribution

Percentile by Number Answered

Percent of People with Each Score

Your Score History

You have not taken this quiz